15 Questions - Statistics

General Stats
  • This quiz has been taken 9 times
  • The average score is 79 of 120
Answer Stats
Hint Answer % Correct
most common words in the english language (OEC) a
100%
1 planet we live on | 8 Planets in our solar system 1 Earth
100%
5 Weekdays 5 Friday
100%
5 Weekdays 5 Monday
100%
5 Weekdays 5 Thursday
100%
5 Weekdays 5 Tuesday
100%
3 factors of 9 | First 10 digits of Pi 3 3
89%
The first 9 months of the year April
89%
The first 9 months of the year August
89%
14 Oceania Countries Australia
89%
7 colours of the rainbow Blue
89%
The first 9 months of the year February
89%
14 Oceania Countries Fiji
89%
7 colours of the rainbow Green
89%
most common words in the english language (OEC) i
89%
most common words in the english language (OEC) in
89%
The first 9 months of the year January
89%
The first 9 months of the year July
89%
The first 9 months of the year June
89%
8 Planets in our solar system Jupiter
89%
The first 9 months of the year March
89%
8 Planets in our solar system Mars
89%
The first 9 months of the year May
89%
8 Planets in our solar system Mercury
89%
8 Planets in our solar system Neptune
89%
14 Oceania Countries New Zealand
89%
7 colours of the rainbow Orange
89%
7 colours of the rainbow Red
89%
8 Planets in our solar system Saturn
89%
The first 9 months of the year September
89%
4 seasons 4 Spring
89%
4 seasons 4 Summer
89%
most common words in the english language (OEC) the
89%
most common words in the english language (OEC) to
89%
8 Planets in our solar system Uranus
89%
8 Planets in our solar system Venus
89%
7 colours of the rainbow Violet
89%
5 Weekdays 5 Wednesday
89%
4 seasons 4 Winter
89%
7 colours of the rainbow Yellow
89%
3 factors of 9 | First 10 digits of Pi 3 1
78%
First 10 digits of Pi 2
78%
First 10 digits of Pi 4
78%
15 next best answers in this quiz (alt names, next after number etc) | First 10 digits of Pi 5
78%
15 next best answers in this quiz (alt names, next after number etc) | First 10 digits of Pi 6
78%
3 factors of 9 | First 10 digits of Pi 3 9
78%
4 seasons 4 Autumn
78%
most common words in the english language (OEC) be
78%
7 colours of the rainbow Indigo
78%
14 Oceania Countries Kiribati
78%
14 Oceania Countries Marshall Islands
78%
14 Oceania Countries Micronesia
78%
14 Oceania Countries Nauru
78%
13 first elements on the Periodic Table Oxygen
78%
14 Oceania Countries Palau
78%
14 Oceania Countries Papua New Guinea
78%
14 Oceania Countries Samoa
78%
14 Oceania Countries Solomon Islands
78%
14 Oceania Countries Tonga
78%
14 Oceania Countries Tuvalu
78%
14 Oceania Countries Vanuatu
78%
most common words in the english language (OEC) and
67%
12 olympian gods Apollo
67%
12 olympian gods Hera
67%
13 first elements on the Periodic Table Hydrogen
67%
13 first elements on the Periodic Table Nitrogen
67%
2 of the first 2 days of Christmas 2 Partridge in a pear tree
67%
15 next best answers in this quiz (alt names, next after number etc) Pluto
67%
2 of the first 2 days of Christmas 2 Turtle Doves
67%
12 olympian gods Zeus
67%
12 olympian gods Aphrodite
56%
12 olympian gods Artemis
56%
13 first elements on the Periodic Table Boron
56%
13 first elements on the Periodic Table Carbon
56%
15 next best answers in this quiz (alt names, next after number etc) Fall
56%
13 first elements on the Periodic Table Helium
56%
most common words in the english language (OEC) it
56%
15 next best answers in this quiz (alt names, next after number etc) October
56%
12 olympian gods Poseidon
56%
12 olympian gods Athena
44%
13 first elements on the Periodic Table Beryllium
44%
12 olympian gods Demeter
44%
most common words in the english language (OEC) have
44%
12 olympian gods Hermes
44%
3 first elements on the Periodic Table Lithium
44%
15 next best answers in this quiz (alt names, next after number etc) Saturday
44%
13 first elements on the Periodic Table Sodium
44%
12 olympian gods Ares
33%
13 first elements on the Periodic Table Flourine
33%
15 next best answers in this quiz (alt names, next after number etc) French Hens
33%
12 olympian gods Hephaestus
33%
12 olympian gods Hestia
33%
13 first elements on the Periodic Table Neon
33%
most common words in the english language (OEC) of
33%
6 Best Picture Winners (Oscars) This decade Oppenheimer
33%
15 next best answers in this quiz (alt names, next after number etc) Dionysus
22%
15 next best answers in this quiz (alt names, next after number etc) Indonesia
22%
15 next best answers in this quiz (alt names, next after number etc) Pink
22%
15 next best answers in this quiz (alt names, next after number etc) Silicon
22%
most common words in the english language (OEC) that
22%
15 next best answers in this quiz (alt names, next after number etc) for
11%
13 first elements on the Periodic Table Mangnesium
11%
15 next best answers in this quiz (alt names, next after number etc) 16
0%
13 first elements on the Periodic Table Aluminium (Al)
0%
6 Best Picture Winners (Oscars) This decade Anora
0%
6 Best Picture Winners (Oscars) This decade Coda
0%
6 Best Picture Winners (Oscars) This decade Everything Everywhere All At Once
0%
6 Best Picture Winners (Oscars) This decade Nomadland
0%
6 Best Picture Winners (Oscars) This decade One Battle After Another
0%
15 next best answers in this quiz (alt names, next after number etc) Parasite
0%
No matching quizzes found
Score Distribution
Percent of People with Each Score
Percentile by Number Answered
Your Score History
You have not taken this quiz